[Event "P-5067"]
[Site "IECC email"]
[Date "2017.11.12"]
[Round "?"]
[White "Mauro, Danilo"]
[Black "Garau, Bernard"]
[Result "1/2-1/2"]
[WhiteElo "1914"]
[BlackElo "2247"]
[PlyCount "73"]
[EventDate "2017.??.??"]
[EventType "tourn (corr)"]
[SourceTitle "Corr 2020"]
[Source "ChessBase"]
[SourceDate "2019.09.30"]
[SourceVersion "1"]
[SourceVersionDate "2019.09.30"]
[SourceQuality "1"]
[WhiteTeam "Italy"]
[BlackTeam "France"]
[WhiteTeamCountry "ITA"]
[BlackTeamCountry "FRA"]

1. e4 e5 2. Nf3 Nc6 3. d4 exd4 4. Nxd4 Bc5 5. Be3 Qf6 6. c3 Nge7 7. Bc4 0-0 8. 0-0 b6 9. Qd2 Qg6 10. Nxc6 Qxc6 11. Bxc5 Qxc5 12. Na3 a5 13. Rfe1 d6 14. b4 Qc6 15. Bb5 Qb7 16. Nc2 Rd8 17. Be2 axb4 18. cxb4 c5 19. a4 Qc7 20. a5 bxa5 21. bxa5 Ba6 22. Bxa6 Rxa6 23. Ne3 Nc6 24. Nc4 Ne5 25. Nb6 Nc6 26. Red1 Nxa5 27. Nd5 Qa7 28. Qd3 c4 29. Qa3 h6 30. h3 Ra8 31. Nb4 Rb6 32. Nd5 Ra6 33. Qg3 Qb7 34. Ra4 Qb3 35. Rda1 R6a7 36. Qe3 Qd3 37. Qxd3 1/2-1/2

[Event "P-5006"]
[Site "IECC email"]
[Date "2016.09.12"]
[Round "?"]
[White "Kinna, Michael"]
[Black "Mauro, Danilo"]
[Result "0-1"]
[WhiteElo "1755"]
[BlackElo "1929"]
[PlyCount "122"]
[EventDate "2016.??.??"]
[EventType "tourn (corr)"]
[SourceTitle "Corr 2020"]
[Source "ChessBase"]
[SourceDate "2019.09.30"]
[SourceVersion "1"]
[SourceVersionDate "2019.09.30"]
[SourceQuality "1"]
[WhiteTeam "Australia"]
[BlackTeam "Italy"]
[WhiteTeamCountry "AUS"]
[BlackTeamCountry "ITA"]

1. e4 e5 2. f4 exf4 3. Nf3 d5 4. exd5 Nf6 5. Bc4 Nxd5 6. Bxd5 Qxd5 7. Nc3 Qd8 8. d4 Bg4 9. Bxf4 Be7 10. Qd3 0-0 11. Ne5 Be6 12. 0-0-0 c6 13. d5 cxd5 14. Nxd5 Na6 15. Qb5 Bxd5 16. Rxd5 Bd6 17. Rd2 Nc7 18. Qa4 Qf6 19. Rxd6 Qxd6 20. Nd7 Qa6 21. Qxa6 Nxa6 22. Nxf8 Kxf8 23. Rd1 Ke8 24. Rd4 Nc5 25. Be3 Ne6 26. Rb4 Nd8 27. Kd2 a6 28. c4 Rc8 29. c5 Rc7 30. Rh4 h6 31. b4 Ne6 32. Kc3 Rd7 33. Rc4 Rd8 34. a4 Kd7 35. b5 axb5 36. axb5 Ra8 37. Kd3 Ra3+ 38. Rc3 Ra2 39. Rc2 Rxc2 40. Kxc2 Nc7 41. b6 Ne6 42. Kd3 Kc6 43. Kc4 h5 44. h4 f6 45. g3 g6 46. Bf2 g5 47. Be3 g4 48. Bf2 f5 49. Be3 f4 50. gxf4 Ng7 51. Bg1 Nf5 52. Kd3 Nxh4 53. Bf2 Nf3 54. f5 h4 55. Ke3 h3 56. Bg3 h2 57. Bxh2 Nxh2 58. f6 g3 59. f7 g2 60. Kf2 Nf3 61. Kxg2 Nh4+ 0-1

[Event "IECC 2014-1.13"]
[Site "IECC email"]
[Date "2014.01.05"]
[Round "?"]
[White "Mauro, Danilo"]
[Black "Booth, Grahame"]
[Result "1-0"]
[WhiteElo "1831"]
[BlackElo "1330"]
[PlyCount "83"]
[EventDate "2014.??.??"]
[EventType "tourn (corr)"]
[SourceTitle "Corr 2020"]
[Source "ChessBase"]
[SourceDate "2019.09.30"]
[SourceVersion "1"]
[SourceVersionDate "2019.09.30"]
[SourceQuality "1"]
[WhiteTeam "Italy"]
[BlackTeam "Canada"]
[WhiteTeamCountry "ITA"]
[BlackTeamCountry "CAN"]

1. e4 e5 2. Nf3 Nf6 3. Nxe5 d6 4. Nf3 Nxe4 5. d4 Be7 6. Bd3 Ng5 7. Bxg5 Bxg5 8. Qe2+ Be7 9. Nc3 0-0 10. 0-0-0 Nd7 11. Nd5 Re8 12. Nxe7+ Rxe7 13. Qd2 Nf6 14. h3 Ne4 15. Bxe4 Rxe4 16. Rhe1 Bf5 17. g4 Bg6 18. Rxe4 Bxe4 19. Qe2 Qe7 20. Nd2 Re8 21. Re1 d5 22. c3 h6 23. f3 f5 24. gxf5 Qg5 25. fxe4 Rxe4 26. Qf2 Rxe1+ 27. Qxe1 Qxf5 28. Qg3 Qf7 29. Nf3 b6 30. Ne5 Qf1+ 31. Kd2 c5 32. Qf3 Qxf3 33. Nxf3 Kf7 34. Ne5+ Ke6 35. Nc6 cxd4 36. cxd4 a5 37. Ke3 g5 38. Ne5 h5 39. Kf3 Kf5 40. Nd7 b5 41. Nc5 a4 42. a3 1-0

[Event "IECC CL4-2013.02 email"]
[Site "IECC email"]
[Date "2013.04.24"]
[Round "?"]
[White "Mauro, Danilo"]
[Black "Hargreaves, John Richard"]
[Result "1-0"]
[WhiteElo "1804"]
[BlackElo "1713"]
[PlyCount "67"]
[EventDate "2013.??.??"]
[EventType "tourn (corr)"]
[EventRounds "4"]
[SourceTitle "Telechess CBM 165"]
[Source "ChessBase"]
[SourceDate "2015.03.11"]
[SourceVersion "1"]
[SourceVersionDate "2015.03.11"]
[SourceQuality "1"]
[WhiteTeam "Italy"]
[BlackTeam "England"]
[WhiteTeamCountry "ITA"]
[BlackTeamCountry "ENG"]

1. e4 e5 2. Nf3 Nc6 3. Bb5 Bc5 4. 0-0 Nf6 5. d3 d6 6. c3 0-0 7. Bg5 h6 8. Bh4 g5 9. Bg3 Bd7 10. Nbd2 a6 11. Ba4 b5 12. Bc2 Bb6 13. h3 Nh5 14. Bh2 Nf4 15. Bg3 Qf6 16. Nh2 h5 17. Bxf4 Qxf4 18. Qxh5 Qxd2 19. Nf3 Qf4 20. Qh6 g4 21. Ng5 Rfb8 22. Bb3 Nd8 23. Kh1 Ne6 24. Bxe6 Bxe6 25. g3 Qd2 26. h4 Qxd3 27. f3 Be3 28. Qh7+ Kf8 29. Nxe6+ fxe6 30. Rad1 Qc2 31. fxg4+ Ke8 32. Qf7+ Kd8 33. Qxe6 Qxe4+ 34. Kh2 1-0

[Event "IECC KO-3082"]
[Site "IECC email"]
[Date "2013.03.13"]
[Round "?"]
[White "Mauro, Danilo"]
[Black "Blackman, Leon"]
[Result "1/2-1/2"]
[WhiteElo "1791"]
[BlackElo "1831"]
[PlyCount "60"]
[EventDate "2011.??.??"]
[EventType "match (corr)"]
[EventRounds "2"]
[SourceTitle "Telechess CBM 165"]
[Source "ChessBase"]
[SourceDate "2015.03.11"]
[SourceVersion "1"]
[SourceVersionDate "2015.03.11"]
[SourceQuality "1"]
[WhiteTeam "Italy"]
[BlackTeam "Australia"]
[WhiteTeamCountry "ITA"]
[BlackTeamCountry "AUS"]

1. e4 e6 2. d4 d5 3. Nc3 Bb4 4. Bd2 Ne7 5. a3 Ba5 6. Bd3 Nbc6 7. Nf3 Bb6 8. 0-0 0-0 9. Be3 e5 10. Nxd5 Nxd5 11. exd5 exd4 12. dxc6 dxe3 13. fxe3 Bxe3+ 14. Kh1 bxc6 15. Ne5 Be6 16. Nxc6 Qg5 17. Be4 Rae8 18. Qd3 f5 19. Bd5 f4 20. Bxe6+ Rxe6 21. Qc4 Rfe8 22. Nb4 Kh8 23. Qxc7 Rh6 24. h3 Qf5 25. Rf3 Rg6 26. Re1 Qg5 27. Re2 h6 28. Nd3 Rge6 29. Rf1 Kh7 30. Qd7 R8e7 1/2-1/2

[Event "IECC KO-3082"]
[Site "IECC email"]
[Date "2012.07.05"]
[Round "?"]
[White "Mauro, Danilo"]
[Black "Hassan, William"]
[Result "0-1"]
[WhiteElo "1798"]
[BlackElo "1782"]
[PlyCount "84"]
[EventDate "2011.??.??"]
[EventType "match (corr)"]
[EventRounds "2"]
[SourceTitle "Telechess CBM 165"]
[Source "ChessBase"]
[SourceDate "2015.03.11"]
[SourceVersion "1"]
[SourceVersionDate "2015.03.11"]
[SourceQuality "1"]
[WhiteTeam "Italy"]
[WhiteTeamCountry "ITA"]

1. d4 Nf6 2. c4 e6 3. Nc3 c6 4. e4 d6 5. Nf3 Nbd7 6. Bd3 e5 7. 0-0 Be7 8. Re1 0-0 9. h3 exd4 10. Nxd4 Re8 11. Be3 Nc5 12. Be2 Ncxe4 13. Nxe4 Nxe4 14. Qc2 Bf6 15. Bd3 d5 16. Rad1 Bd7 17. cxd5 cxd5 18. Qb3 Nc5 19. Qxd5 Nxd3 20. Rxd3 Bxh3 21. Qxb7 Bg4 22. Bd2 Rxe1+ 23. Bxe1 Rb8 24. Qe4 Qd7 25. Bc3 Re8 26. Qc6 Rd8 27. Qxd7 Rxd7 28. f3 Be6 29. b3 Rd5 30. Kf2 h5 31. Ke3 Bd7 32. Ne2 Bg5+ 33. f4 Rxd3+ 34. Kxd3 Bd8 35. Nd4 a6 36. Ke4 h4 37. Nf3 Bc6+ 38. Ke3 f6 39. g3 Kf7 40. Nd4 Bd5 41. f5 h3 42. Nf3 Bb6+ 0-1

[Event "IECC KO-3079"]
[Site "IECC email"]
[Date "2010.12.24"]
[Round "?"]
[White "Lixa, Alberto JP"]
[Black "Mauro, Danilo"]
[Result "1/2-1/2"]
[WhiteElo "1701"]
[BlackElo "1627"]
[PlyCount "58"]
[EventDate "2010.??.??"]
[EventType "tourn (corr)"]
[SourceTitle "Telechess CBM 145"]
[Source "Chessbase"]
[SourceDate "2011.11.11"]
[SourceVersion "1"]
[SourceVersionDate "2011.11.11"]
[SourceQuality "1"]
[WhiteTeam "Portugal"]
[BlackTeam "Italy"]
[WhiteTeamCountry "POR"]
[BlackTeamCountry "ITA"]

1. c4 e5 2. Nc3 Nf6 3. g3 Bb4 4. Bg2 0-0 5. Nf3 d6 6. 0-0 Bxc3 7. bxc3 Nc6 8. d3 Re8 9. Rb1 Rb8 10. Ng5 Bd7 11. Ne4 Nxe4 12. Bxe4 Qf6 13. Qa4 a5 14. Be3 Qe6 15. Rb2 h6 16. Rfb1 Qg4 17. a3 Qe6 18. Rxb7 Nd8 19. R7b5 Bxb5 20. Rxb5 Rxb5 21. Qxb5 Qe7 22. Qxa5 Ne6 23. a4 Rb8 24. Qa7 Rb3 25. a5 Qe8 26. a6 c5 27. Kg2 Rb2 28. Bd5 Kh8 29. d4 cxd4 1/2-1/2

[Event "P-4663"]
[Site "IECC email"]
[Date "2010.09.08"]
[Round "?"]
[White "Geib, Steven"]
[Black "Mauro, Danilo"]
[Result "0-1"]
[WhiteElo "1509"]
[BlackElo "1623"]
[PlyCount "114"]
[EventDate "2010.??.??"]
[EventType "tourn (corr)"]
[SourceTitle "Telechess CBM 145"]
[Source "Chessbase"]
[SourceDate "2011.11.11"]
[SourceVersion "1"]
[SourceVersionDate "2011.11.11"]
[SourceQuality "1"]
[WhiteTeam "US of America"]
[BlackTeam "Italy"]
[WhiteTeamCountry "USA"]
[BlackTeamCountry "ITA"]

1. e4 e5 2. Nf3 Nc6 3. d4 exd4 4. Nxd4 Bc5 5. Nxc6 Qf6 6. Qd2 dxc6 7. Bc4 Bd7 8. 0-0 0-0-0 9. Nc3 Be6 10. Qe2 Bd4 11. Be3 c5 12. Rad1 Ne7 13. Nb5 Bxc4 14. Qxc4 Bxe3 15. fxe3 Qg5 16. Nxa7+ Kb8 17. Nb5 Qxe3+ 18. Kh1 Rxd1 19. Rxd1 Rc8 20. Nc3 Rf8 21. Na4 b6 22. Nc3 Nc6 23. Nd5 Qf2 24. a4 Re8 25. Rf1 Rxe4 26. Rxf2 Rxc4 27. Rxf7 Rxc2 28. h3 Rxb2 29. Rxg7 Ra2 30. Rxh7 Rxa4 31. Rh8+ Kb7 32. Rh7 Ra1+ 33. Kh2 Rd1 34. Rxc7+ Ka6 35. Rd7 Rd4 36. g4 Ne5 37. Rd6 Ka5 38. g5 Rd2+ 39. Kg3 Nf7 40. Rd7 Nxg5 41. h4 Rd3+ 42. Kf4 Ne6+ 43. Ke5 Nd4 44. h5 Rh3 45. Nf6 Rh4 46. Rc7 Kb5 47. Kd6 c4 48. Kd5 Nb3 49. Rc8 Nc5 50. Rg8 c3 51. Rg2 Ka4 52. Kc6 Rc4 53. Kxb6 c2 54. Rxc2 Rxc2 55. h6 Ne6 56. Ng4 Ng5 57. Kb7 Kb5 0-1

[Event "IECC KO-2107"]
[Site "IECC email"]
[Date "2009.12.22"]
[Round "?"]
[White "Mauro, Danilo"]
[Black "Raba, Yosi"]
[Result "1/2-1/2"]
[WhiteElo "1579"]
[BlackElo "1442"]
[PlyCount "32"]
[EventDate "2009.??.??"]
[EventType "match (corr)"]
[EventRounds "2"]
[SourceTitle "Telechess CBM 137"]
[Source "ChessBase"]
[SourceDate "2010.07.15"]
[SourceVersion "1"]
[SourceVersionDate "2010.07.15"]
[SourceQuality "1"]
[WhiteTeam "Italy"]
[BlackTeam "Israel"]
[WhiteTeamCountry "ITA"]
[BlackTeamCountry "ISR"]

1. e4 e6 2. d4 d5 3. Nc3 Bb4 4. e5 c5 5. a3 Bxc3+ 6. bxc3 Ne7 7. Qg4 0-0 8. Bd3 c4 9. Bh6 Ng6 10. Bxg6 fxg6 11. Be3 Qb6 12. Nf3 Nc6 13. Bc1 Bd7 14. 0-0 Qa6 15. Bd2 Rf5 16. Qh3 b5 1/2-1/2

[Event "IECC KO-2107"]
[Site "IECC email"]
[Date "2009.12.22"]
[Round "?"]
[White "Raba, Yosi"]
[Black "Mauro, Danilo"]
[Result "1/2-1/2"]
[WhiteElo "1449"]
[BlackElo "1572"]
[PlyCount "56"]
[EventDate "2009.??.??"]
[EventType "match (corr)"]
[EventRounds "2"]
[SourceTitle "Telechess CBM 137"]
[Source "ChessBase"]
[SourceDate "2010.07.15"]
[SourceVersion "1"]
[SourceVersionDate "2010.07.15"]
[SourceQuality "1"]
[WhiteTeam "Israel"]
[BlackTeam "Italy"]
[WhiteTeamCountry "ISR"]
[BlackTeamCountry "ITA"]

1. e4 c5 2. Nf3 e6 3. d4 cxd4 4. Nxd4 a6 5. Nc3 Qc7 6. Be2 Nc6 7. Nxc6 dxc6 8. Qd3 Be7 9. Qf3 Nf6 10. 0-0 0-0 11. Rd1 Bd6 12. Qh3 Be5 13. Qh4 b5 14. Be3 c5 15. a3 Bb7 16. f3 Rfd8 17. Rd3 Rxd3 18. cxd3 Bd4 19. Nd1 Bxe3+ 20. Nxe3 Qe5 21. Rb1 Qd4 22. Qf2 Rc8 23. Nc2 Qd6 24. d4 Nh5 25. dxc5 Rxc5 26. Rd1 Qc7 27. Qd4 h6 28. Qd8+ Kh7 1/2-1/2

[Event "Swiss-544.2.03"]
[Site "IECC email"]
[Date "2009.12.03"]
[Round "?"]
[White "Mauro, Danilo"]
[Black "Bertel, Michael"]
[Result "1/2-1/2"]
[WhiteElo "1586"]
[BlackElo "1806"]
[PlyCount "129"]
[EventDate "2009.??.??"]
[EventType "tourn (corr)"]
[SourceTitle "Telechess CBM 149"]
[Source "ChessBase"]
[SourceDate "2012.07.17"]
[SourceVersion "1"]
[SourceVersionDate "2012.07.17"]
[SourceQuality "1"]
[WhiteTeam "Italy"]
[BlackTeam "US of America"]
[WhiteTeamCountry "ITA"]
[BlackTeamCountry "USA"]

1. e4 e5 2. Nf3 Nc6 3. Bb5 a6 4. Ba4 b5 5. Bb3 Na5 6. 0-0 Nxb3 7. axb3 d6 8. d4 exd4 9. Qxd4 Nf6 10. Nc3 c5 11. Qe3 b4 12. Nd5 Be7 13. Nxf6+ Bxf6 14. e5 dxe5 15. Qxc5 Bb7 16. Nxe5 Be7 17. Qa5 0-0 18. Qxd8 Rfxd8 19. Re1 Bf6 20. Bf4 g5 21. Ng4 Bxb2 22. Bxg5 Bxa1 23. Bxd8 Rxd8 24. Rxa1 Bc6 25. Ne3 Bb5 26. Rd1 Rxd1+ 27. Nxd1 a5 28. f4 a4 29. bxa4 Bxa4 30. Ne3 f5 31. Kf2 Kf7 32. Nd5 Bxc2 33. Nxb4 Be4 34. g3 Ke6 35. Ke3 h5 36. Kd4 Kd6 37. Nd3 Bg2 38. Ne5 Bb7 39. Ke3 Bh1 40. Kf2 Ke6 41. Nf3 Kd5 42. h3 Kc5 43. Nh4 Be4 44. Ng6 Kd4 45. Ne7 Kd3 46. h4 Kd4 47. Nc8 Bc6 48. Nd6 Bd7 49. Ke2 Kc5 50. Nf7 Kd4 51. Kf3 Bc6+ 52. Kf2 Bd7 53. Ng5 Be8 54. Nf3+ Kd3 55. Ng5 Kd4 56. Ne6+ Ke4 57. Nf8 Kd4 58. Nh7 Kd3 59. Nf6 Bf7 60. Kf3 Kd2 61. g4 fxg4+ 62. Kg3 Ke3 63. f5 Kd4 64. Nxg4 hxg4 65. Kxg4 1/2-1/2

[Event "IECC P-4569"]
[Site "IECC email"]
[Date "2009.08.29"]
[Round "?"]
[White "Mauro, Danilo"]
[Black "Bearce, Harold L"]
[Result "1-0"]
[WhiteElo "1592"]
[BlackElo "1289"]
[PlyCount "31"]
[EventDate "2009.??.??"]
[EventType "tourn (corr)"]
[EventRounds "1"]
[SourceTitle "Telechess CBM 137"]
[Source "ChessBase"]
[SourceDate "2010.07.15"]
[SourceVersion "1"]
[SourceVersionDate "2010.07.15"]
[SourceQuality "1"]
[WhiteTeam "Italy"]
[BlackTeam "US of America"]
[WhiteTeamCountry "ITA"]
[BlackTeamCountry "USA"]

1. e4 e5 2. Nf3 Nc6 3. Bb5 a6 4. Bxc6 dxc6 5. 0-0 f6 6. d4 exd4 7. Nxd4 c5 8. Ne2 Bd6 9. Nf4 Ne7 10. Be3 b6 11. Qh5+ g6 12. Qh6 Kf7 13. Nc3 Bb7 14. Rad1 f5 15. e5 Qd7 16. e6+ 1-0

[Event "IECC KO-3069"]
[Site "IECC email"]
[Date "2009.08.19"]
[Round "?"]
[White "Mauro, Danilo"]
[Black "Bottoni, Carlo"]
[Result "0-1"]
[WhiteElo "1592"]
[BlackElo "1717"]
[PlyCount "116"]
[EventDate "2009.??.??"]
[EventType "match (corr)"]
[EventRounds "2"]
[SourceTitle "Telechess CBM 137"]
[Source "ChessBase"]
[SourceDate "2010.07.15"]
[SourceVersion "1"]
[SourceVersionDate "2010.07.15"]
[SourceQuality "1"]
[WhiteTeam "Italy"]
[BlackTeam "Italy"]
[WhiteTeamCountry "ITA"]
[BlackTeamCountry "ITA"]

1. e4 c5 2. Nf3 Nc6 3. d4 cxd4 4. Nxd4 g6 5. Nc3 Bg7 6. Be3 Nf6 7. Bc4 0-0 8. Bb3 d6 9. f3 Bd7 10. Qd2 Nxd4 11. Bxd4 b5 12. a4 b4 13. Nd5 Nxd5 14. Bxd5 Bxd4 15. Qxd4 Rc8 16. Bb3 Qa5 17. Qd2 Be6 18. Qe3 Bxb3 19. Qxb3 Rc6 20. 0-0 Qb6+ 21. Kh1 Rfc8 22. a5 Qd4 23. Rad1 Qc4 24. Qa4 Rc5 25. Qd7 R8c7 26. Qe8+ Kg7 27. Qa4 Qb5 28. Ra1 Qxa4 29. Rxa4 Rxc2 30. Rxb4 R7c5 31. a6 Rc6 32. Rb7 Rxa6 33. Rxe7 Rxb2 34. Rc1 Rc2 35. Rg1 Kf6 36. Re8 Raa2 37. h4 a5 38. Rh8 h6 39. Kh2 a4 40. Kg3 a3 41. Ra8 Re2 42. Kf4 g5+ 43. Kg3 Red2 44. Kh3 Ke6 45. Ra4 f5 46. exf5+ Kxf5 47. Ra5+ Kf4 48. Ra4+ Ke3 49. Re1+ Kf2 50. Rc1 Rd3 51. hxg5 hxg5 52. Rg4 d5 53. Rxg5 Rb2 54. Re5 d4 55. Ree1 Rdb3 56. Rf1+ Ke3 57. Rce1+ Re2 58. Rc1 d3 0-1

[Event "IECC CL4-2009.05 email"]
[Site "IECC email"]
[Date "2009.06.05"]
[Round "?"]
[White "Martins, Karin"]
[Black "Mauro, Danilo"]
[Result "1-0"]
[WhiteElo "1624"]
[BlackElo "1608"]
[PlyCount "71"]
[EventDate "2009.??.??"]
[EventType "tourn (corr)"]
[EventRounds "4"]
[SourceTitle "Corr 2011"]
[Source "ChessBase"]
[SourceDate "2010.08.31"]
[SourceVersion "1"]
[SourceVersionDate "2010.08.31"]
[SourceQuality "1"]
[WhiteTeam "Germany"]
[BlackTeam "Italy"]
[WhiteTeamCountry "GER"]
[BlackTeamCountry "ITA"]

1. e4 c5 2. Nf3 d6 3. d4 cxd4 4. Nxd4 Nf6 5. Nc3 a6 6. Be3 e5 7. Nb3 Be6 8. f3 Be7 9. Qd2 0-0 10. 0-0-0 Nbd7 11. g4 b5 12. Kb1 b4 13. Nd5 Bxd5 14. exd5 Nb6 15. f4 Nbxd5 16. Bg2 Nxe3 17. Qxe3 Rc8 18. Bb7 Rxc2 19. g5 Ng4 20. Qf3 Rf2 21. Qxg4 Qc7 22. Be4 Rxf4 23. Qg2 Bxg5 24. Bxh7+ Kxh7 25. Qxg5 Rc8 26. Ka1 f6 27. Qg2 Rd8 28. Rhg1 g5 29. Rdf1 Rxf1+ 30. Qxf1 Qa7 31. h4 Kg7 32. hxg5 f5 33. Qb1 Qe3 34. Rf1 Rf8 35. Rd1 Qe4 36. Qc1 1-0

[Event "IECC CL5-2009.05 email"]
[Site "IECC email"]
[Date "2009.03.25"]
[Round "?"]
[White "Mauro, Danilo"]
[Black "Lampon, Mario"]
[Result "1/2-1/2"]
[WhiteElo "1572"]
[BlackElo "1575"]
[PlyCount "64"]
[EventDate "2009.??.??"]
[EventType "tourn (corr)"]
[EventRounds "4"]
[SourceTitle "Corr 2011"]
[Source "ChessBase"]
[SourceDate "2010.08.31"]
[SourceVersion "1"]
[SourceVersionDate "2010.08.31"]
[SourceQuality "1"]
[WhiteTeam "Italy"]
[BlackTeam "Spain"]
[WhiteTeamCountry "ITA"]
[BlackTeamCountry "ESP"]

1. e4 c6 2. d4 d5 3. e5 Nh6 4. Bxh6 gxh6 5. c4 Be6 6. cxd5 cxd5 7. Nc3 Nc6 8. Bb5 Rg8 9. Qf3 a6 10. Bxc6+ bxc6 11. Nge2 Rb8 12. b3 Bg4 13. Qd3 Bxe2 14. Nxe2 Qa5+ 15. Kf1 Qb5 16. Qc2 c5 17. dxc5 Rg6 18. Rc1 Rc6 19. Qxh7 Rbc8 20. f4 Rg6 21. g3 e6 22. Rg1 Bxc5 23. f5 exf5 24. b4 Qxb4 25. e6 Rxe6 26. Qg8+ Kd7 27. Qxf7+ Kd6 28. Nf4 Rce8 29. Nxe6 Rxe6 30. Qf8+ Kd7 31. Qf7+ Kd6 32. Qf8+ Kd7 1/2-1/2

[Event "IECC CL5-2009.05 email"]
[Site "IECC email"]
[Date "2009.03.25"]
[Round "?"]
[White "Slavin, Pablo"]
[Black "Mauro, Danilo"]
[Result "0-1"]
[WhiteElo "1572"]
[BlackElo "1572"]
[PlyCount "90"]
[EventDate "2009.??.??"]
[EventType "tourn (corr)"]
[EventRounds "4"]
[SourceTitle "Corr 2011"]
[Source "ChessBase"]
[SourceDate "2010.08.31"]
[SourceVersion "1"]
[SourceVersionDate "2010.08.31"]
[SourceQuality "1"]
[WhiteTeam "Israel"]
[BlackTeam "Italy"]
[WhiteTeamCountry "ISR"]
[BlackTeamCountry "ITA"]

1. d4 Nf6 2. Nf3 e6 3. c4 b6 4. Nc3 Bb7 5. a3 d5 6. Bf4 Bd6 7. Ne5 dxc4 8. Qa4+ Nbd7 9. Nxd7 Qxd7 10. Qxd7+ Nxd7 11. Bxd6 cxd6 12. Nb5 Ke7 13. Rc1 Rhc8 14. e3 Nf6 15. f3 Nd5 16. e4 Ne3 17. Ke2 Nxf1 18. Rhxf1 d5 19. e5 Ba6 20. Nc3 f6 21. f4 fxe5 22. fxe5 Rf8 23. Rxf8 Rxf8 24. Rf1 Rxf1 25. Kxf1 Bb7 26. Kf2 a6 27. Ke3 Bc6 28. g4 g5 29. Kf3 Be8 30. Ke3 b5 31. Na2 a5 32. Kd2 Kd8 33. Kc3 Kc7 34. Nc1 h5 35. h3 Bg6 36. Kd2 h4 37. Ne2 b4 38. Ng1 Be4 39. Ne2 c3+ 40. Kc1 cxb2+ 41. Kxb2 bxa3+ 42. Kxa3 Kb6 43. Kb3 Bg2 44. Ng1 Kb5 45. Kc3 a4 0-1

[Event "IECC KO-5070"]
[Site "IECC email"]
[Date "2009.02.07"]
[Round "?"]
[White "Mauro, Danilo"]
[Black "De Oliveira, Diogo Luiz"]
[Result "0-1"]
[WhiteElo "1584"]
[BlackElo "2027"]
[PlyCount "102"]
[EventDate "2009.??.??"]
[EventType "match (corr)"]
[EventRounds "2"]
[SourceTitle "Corr 2011"]
[Source "ChessBase"]
[SourceDate "2010.08.31"]
[SourceVersion "1"]
[SourceVersionDate "2010.08.31"]
[SourceQuality "1"]
[WhiteTeam "Italy"]
[BlackTeam "Brazil"]
[WhiteTeamCountry "ITA"]
[BlackTeamCountry "BRA"]

1. e4 c5 2. Nf3 d6 3. d4 cxd4 4. Nxd4 Nf6 5. Nc3 a6 6. Bg5 e6 7. f4 Nbd7 8. Qf3 Qc7 9. 0-0-0 b5 10. Bd3 Bb7 11. Rhe1 Qb6 12. Nb3 b4 13. Nb1 Be7 14. N1d2 Rc8 15. Nc4 Qc7 16. Nca5 Ba8 17. Kb1 0-0 18. Qe2 h6 19. Bxf6 Nxf6 20. g4 d5 21. e5 Ne4 22. Bxa6 Rce8 23. Bd3 Rc8 24. Qe3 f6 25. exf6 Bxf6 26. Rf1 e5 27. h3 Rf7 28. fxe5 Qxe5 29. Qd4 Qxd4 30. Nxd4 Bxd4 31. Rxf7 Kxf7 32. Ba6 Re8 33. Rxd4 Nc5 34. c3 Re1+ 35. Kc2 Nxa6 36. cxb4 Re2+ 37. Kb1 Kf6 38. b5 Ke5 39. Ra4 Nc5 40. Ra3 Re1+ 41. Kc2 Re4 42. Rf3 Re2+ 43. Kb1 Ke4 44. Rf8 Kd3 45. a3 Na4 46. Rf3+ Ke4 47. Rb3 d4 48. Rb4 Bd5 49. Rxa4 Kd3 50. b3 Kc3 51. b6 d3 0-1

[Event "IECC Swiss-535.2"]
[Site "IECC email"]
[Date "2008.12.20"]
[Round "?"]
[White "Copin, Jean Christophe"]
[Black "Mauro, Danilo"]
[Result "0-1"]
[WhiteElo "1287"]
[BlackElo "1591"]
[PlyCount "32"]
[EventDate "2008.??.??"]
[EventType "tourn (corr)"]
[EventRounds "1"]
[SourceTitle "Corr 2011"]
[Source "ChessBase"]
[SourceDate "2010.08.31"]
[SourceVersion "1"]
[SourceVersionDate "2010.08.31"]
[SourceQuality "1"]
[WhiteTeam "France"]
[BlackTeam "Italy"]
[WhiteTeamCountry "FRA"]
[BlackTeamCountry "ITA"]

1. e4 e5 2. Nf3 Nc6 3. Bb5 a6 4. Ba4 Nf6 5. 0-0 Nxe4 6. d4 b5 7. Bb3 d5 8. dxe5 Be6 9. Ng5 Nxg5 10. Bxg5 Qxg5 11. f4 Qg6 12. Bxd5 Bxd5 13. Qxd5 Rd8 14. Qf3 Nd4 15. Qh3 Nxc2 16. f5 Qb6+ 0-1